| 000 | 00839nam a22002297a 4500 | ||
|---|---|---|---|
| 001 | 44256 | ||
| 003 | BD-RjUL | ||
| 005 | 20211209053826.0 | ||
| 008 | 160716s1972 bg ||||| |||| 00| 0 ben d | ||
| 020 | _c: TK 6.00 | ||
| 035 | _a(BD-RjUL)44374 | ||
| 040 |
_aBD-RjUL _bben _cBD-RjUL |
||
| 041 | _aben | ||
| 082 |
_223 _a333.76 _bUMC 1972 |
||
| 100 |
_aউমর, বদরুদ্দীন _9116667 |
||
| 245 | 1 | 0 |
_aচিরস্থায়ীবন্দোবস্তে বাঙলা দেশের কৃষক / _cবদরুদ্দীন উমর |
| 260 |
_aঢাকা : _bমাওলা ব্রাদার্স, _c১৯৭২ |
||
| 300 |
_a[২০], ১৫১ পৃ. ; _c২১ সেমি. |
||
| 650 |
_aকৃষি জমি _9135889 |
||
| 650 |
_aAgricultural Land _9135890 |
||
| 942 |
_2ddc _cBK |
||
| 999 |
_c44256 _d44256 |
||